000 00599nam a2200217Ia 4500
005 20241129105824.0
008 241129s9999||||xx |||||||||||||| ||und||
020 _a81-8223-098-5
037 _aTB
040 _aARTS
_beng
_cARTS
041 _aeng
_2urd
084 _aO168,2N23,DR P5
_qARTS
100 _aTanvir Habib Au.
_9607370
245 0 _aDekh rahe hain nain
_cTanvir Habib Au.
260 _aDelhi, India
_bEducational Publishing House
_c2021
300 _a94p.
365 _aINR
_b70
650 _aUrdu Drama
942 _cTB
_hO168,2N23,DR P5
999 _c1226150
_d1226150